000
00338pam a2200157a 44500
008
230515b1919 xxu||||| |||| 00| 0 eng d
020
_a
NULL
041
_a
HINDI
082
_a
1
100
_a
DWIVEDI
245
_a
AASVARISHT SANGRHA
250
_a
1
260
_a
SANGAI
_b
N.D.
_c
1919
300
_a
100
650
_a
AASVARISHT SANGRHA
999
_c
497021
_d
497021